Utro i Dva shaga v poldenʹ : Roman [o U. Dzhandosove] /

Bibliographic Details
Main Author: Snegin, Dmitriĭ
Format: Book
Language:Russian
Published: Alma-Ata : Zhazushy, 1976-1982.
Subjects:

MARC

Tag First Indicator Second Indicator Subfields
LEADER 00000cam a2200000 a 4500
001 in00002000512
005 20151031131909.0
008 840130m19761982kz a 000 1 ruso
010 |a  77512577  
020 |c 0.67rub (v. 1) 
020 |c 1.40rub (v. 2) 
035 |a (OCoLC)ocm10457612 
040 |a DLC  |c DLC  |d OCL  |d TXA  |d UtOrBLW 
049 |a TXAM 
050 0 0 |a PG3476.S5764  |b U8 
082 0 |a 891.73/44  |2 19 
100 1 |a Snegin, Dmitriĭ. 
240 1 0 |a Utro 
245 1 0 |a Utro i Dva shaga v poldenʹ :  |b Roman [o U. Dzhandosove] /  |c Dm. Snegin ; [Khudozh. A. Ostrovskiĭ]. 
264 1 |a Alma-Ata :  |b Zhazushy,  |c 1976-1982. 
300 |a 2 volumes :  |b illustrations ;  |c 21 cm. 
336 |a text  |b txt  |2 rdacontent 
337 |a unmediated  |b n  |2 rdamedia 
338 |a volume  |b nc  |2 rdacarrier 
500 |a Volume two has imprint: "Zhalyn." 
505 0 |a kn. [1] Utro. -- kn. [2] Dva shaga v poldenʹ. 
600 1 0 |a Dzhandosov, Uraz Kiĭkymovich,  |d 1899-1944  |v Fiction. 
700 1 2 |a Snegin, Dmitriĭ.  |t Dva shaga v poldenʹ.  |n 1982. 
948 |a cataloged  |b h  |c 2004/11/9  |d c  |e spoltoratski  |f 1:44:03 pm 
994 |a E0  |b TXA 
999 |a MARS 
999 f f |s be977ba7-0636-3021-96a1-9f8d00a6a5e1  |i 5685a7e3-1ecb-3b0c-b78a-927e3088582a  |t 0 
952 f f |p ric  |a Texas A&M University  |b Rellis Campus  |c Joint Library Facility  |d Remote Storage  |t 0  |e PG3476.S5764 U8  |h Library of Congress classification  |i unmediated -- volume  |k no.2  |m A14831597655 
998 f f |a PG3476.S5764 U8  |s no.2  |t 0  |l Remote Storage